00393pab a2200133 454500008004000000100001800040245012300058260000900181300001600190362000800206650001100214700001600225773001800241180718b2003 xxu||||| |||| 00| 0 eng d aBelina, Bernd aZero tolerance for the industrial past and other threats: policing and urban entrepreneurialism in Britain and Germany c2003 ap.1845-867. aAug aPolice aHelms, Gesa aUrban Studies